|
|
|
|
| LEADER |
00000nab a2200000 a 4500 |
| 001 |
vtls000825627 |
| 003 |
SK-MaSNL |
| 005 |
20260304002801.0 |
| 008 |
180205c2003 xo 0 slo |
| 015 |
|
|
|a SNBRB2003/02-05465
|
| 035 |
|
|
|a CLN000177282
|
| 040 |
|
|
|a SNKBUCL
|b slo
|c SNKBUCL
|e AACR2
|
| 041 |
0 |
|
|a slo
|
| 044 |
|
|
|a xo
|c SK
|
| 080 |
|
|
|a 63(437.6)
|2 UDC-MRF-SK2
|
| 100 |
1 |
|
|a Peňkovský, Geňo
|4 ain
|9 838737
|
| 245 |
1 |
0 |
|a Poľnohospodárska pôda nemá politickú príslušnosť, hovorí štátny tajomník MP SR Marián Radošovský
|c [zhováral sa] Geňo Peňkovský
|
| 650 |
0 |
7 |
|a pôdohospodárstvo
|2 snkbucl
|9 19449
|
| 655 |
|
7 |
|a články z novín a časopisov
|2 snkbucl
|9 267496
|
| 700 |
1 |
|
|a Radošovský, Marián
|4 aut
|4 uin
|9 868475
|
| 773 |
0 |
|
|x 1335-440X
|t Roľnícke noviny
|g Č. 11[12] (20.1.2003), s. 8
|
| 850 |
|
|
|a Slovenská národná knižnica v Martine
|
| 852 |
|
|
|a SNK
|b KIS3GCP
|
| 958 |
|
|
|a RBX
|
| 999 |
|
|
|c 2543721
|d 2545651
|